000 003890000a22001570004500
041 0 _aENG
082 0 4 _aG 266.0092 B1541a
245 1 0 _aAdoniram judson : Missionary to Burma
260 _aChicago, ILL., USA : Moody
300 _a128 Pag
001 7374
942 _cBK
999 _c37589
_d37589
336 _atexto
_btxt
_2rdacontent
337 _2rdamedia
_asin mediación
_bn
338 _2rdacarrier
_avolumen
_bnc